Geography Quiz

Random Geography or State Quiz

Hottest States Quiz Stats

 Plays Quiz Updated May 5, 2018

Challenge
Share
Tweet
Embed
Score 0/10 Timer 02:00
1 Play Today
Rank State % Correct
7Texas
98.4%
1California
98.2%
2Arizona
96.2%
4New Mexico
95.3%
3Nevada
89.3%
7Oklahoma
79%
5Kansas
69%
7Arkansas
62.3%
7South Dakota
27.3%
5North Dakota
23.4%

You're not logged in!

Compare scores with friends on all Sporcle quizzes.
OR
Log In

You Might Also Like...

Show Comments

Extras

Top Quizzes Today


Score Distribution

Your Account Isn't Verified!

In order to create a playlist on Sporcle, you need to verify the email address you used during registration. Go to your Sporcle Settings to finish the process.

Report this User

Report this user for behavior that violates our Community Guidelines.

Details: